000 004750000a22001810004500
003 MACL
005 20150903161646.0
008 150903b xxu||||| |||| 00| 0 eng d
040 _aMACL
_cMACL
041 _aEnglish
082 _a820/AAD
100 _aAadhavan
_98986
245 _aFirst Comes the Night
_bSahitya Akademi Award Winning Tamil Short Stories
260 _bSahitya Akademi
_c1998
_aDelhi
350 _a60
650 _aLiterature
_98987
942 _cBK
_k820
_2ddc
999 _c20801
_d20801